The media /

Guardado en:
Autor Principal: Rabley, Stephen
Formato: Libro
Publicado: London : Macmillan, 1991
Series:Macmillan Dossier
Materias:
Etiquetas: Agregar Etiqueta
Sin Etiquetas, Sea el primero en etiquetar este registro!
LEADER 00470nam a22001815a 4500
001 CEM.cems005267
005 20060220000000.0
008 130507s1991##################000#0#####d
003 CEMS
082 0 4 |a 428.64 
100 1 |a Rabley, Stephen 
245 1 0 |a The media / 
260 |a London :  |b Macmillan,  |c 1991 
300 |a 32 p. 
490 0 |a Macmillan Dossier 
653 |a Donacion c. basico 
653 |a Ingles 
859 |a CEMS  |b BIB. CEMS - 11 de abril  |h 428.64  |i R113/2  |p 16740.92  |t Ej.1